[Event "Budapest FS11 IM-A"]
[Site "Budapest"]
[Date "2008.11.11"]
[Round "11"]
[White "Humphrey, Jonathan"]
[Black "Kjartansson, Gudmundur"]
[Result "0-1"]
[WhiteElo "2330"]
[BlackElo "2284"]
[PlyCount "110"]
[EventDate "2008.11.01"]
[EventType "tourn"]
[EventRounds "11"]
[EventCountry "HUN"]
[EventCategory "1"]
[SourceTitle "EXT 2009"]
[Source "ChessBase"]
[SourceDate "2008.11.26"]
[SourceVersion "1"]
[SourceVersionDate "2008.11.26"]
[SourceQuality "1"]

1. e4 c6 2. d4 d5 3. exd5 cxd5 4. c4 Nf6 5. Nc3 e6 6. Nf3 Be7 7. cxd5 Nxd5 8. Bc4 Nc6 9. 0-0 0-0 10. Re1 a6 11. Bb3 Nf6 12. a3 b5 13. d5 exd5 14. Nxd5 Nxd5 15. Qxd5 Bb7 16. Qh5 Qd3 17. Ba2 Qg6 18. Qxg6 hxg6 19. Bg5 Bf6 20. Bxf6 gxf6 21. Rad1 Rfd8 22. Bd5 Kf8 23. Be4 Na5 24. Bxb7 Nxb7 25. b4 Nd6 26. a4 bxa4 27. Ra1 Nc4 28. Rxa4 Nb2 29. Raa1 Rdb8 30. Re4 Nd3 31. Rb1 a5 32. b5 Rb6 33. Ra4 Nc5 34. Rc4 Ne6 35. g3 Rab8 36. Nd4 Nxd4 37. Rxd4 Rxb5 38. Rxb5 Rxb5 39. Rd8+ Ke7 40. Ra8 Kd6 41. Ra7 Kc5 42. h4 Kb4 43. Rxf7 a4 44. Rxf6 a3 45. Ra6 Ra5 46. Rb6+ Kc3 47. Rc6+ Kb3 48. Rb6+ Ka4 49. Rb1 a2 50. Ra1 Kb3 51. Kg2 Kb2 52. Re1 a1Q 53. Rxa1 Rxa1 54. g4 Kc3 55. Kg3 Kd4 0-1

[Event "Budapest FS11 IM-A"]
[Site "Budapest"]
[Date "2008.11.02"]
[Round "2"]
[White "Humphrey, Jonathan"]
[Black "Denisov, Ivan"]
[Result "1/2-1/2"]
[WhiteElo "2330"]
[BlackElo "2189"]
[PlyCount "41"]
[EventDate "2008.11.01"]
[EventType "tourn"]
[EventRounds "11"]
[EventCountry "HUN"]
[EventCategory "1"]
[SourceTitle "EXT 2009"]
[Source "ChessBase"]
[SourceDate "2008.11.26"]
[SourceVersion "1"]
[SourceVersionDate "2008.11.26"]
[SourceQuality "1"]

1. e4 c5 2. Nf3 d6 3. d4 cxd4 4. Nxd4 Nf6 5. Nc3 a6 6. Be3 e5 7. Nb3 Be6 8. f4 Qc7 9. f5 Bc4 10. Bxc4 Qxc4 11. Nd2 Qc6 12. Qf3 h5 13. 0-0-0 Nbd7 14. Kb1 Be7 15. Rc1 b5 16. Nd5 Nxd5 17. exd5 Qb7 18. c4 Rb8 19. Rhd1 Nf6 20. Ka1 0-0 21. Nb3 1/2-1/2

[Event "Borup op 3rd"]
[Site "Borup"]
[Date "2008.09.06"]
[Round "2"]
[White "Humphrey, Jonathan"]
[Black "Grabarczyk, Miroslaw"]
[Result "1/2-1/2"]
[WhiteElo "2289"]
[BlackElo "2510"]
[PlyCount "46"]
[EventDate "2008.09.05"]
[EventType "swiss"]
[EventRounds "9"]
[EventCountry "DEN"]
[SourceTitle "CBM 126 Extra"]
[Source "ChessBase"]
[SourceDate "2008.11.05"]
[SourceVersion "1"]
[SourceVersionDate "2008.11.05"]
[SourceQuality "1"]

1. d4 d5 2. c4 c6 3. Nc3 Nf6 4. Nf3 g6 5. e3 Bg7 6. Be2 0-0 7. 0-0 a6 8. a4 Bg4 9. h3 Bxf3 10. Bxf3 dxc4 11. a5 Nbd7 12. Qe2 e5 13. Qxc4 Re8 14. Bd2 e4 15. Bd1 Nf8 16. Bb3 Ne6 17. Rfd1 Rb8 18. Be1 Qe7 19. d5 cxd5 20. Nxd5 Nxd5 21. Rxd5 Bxb2 22. Rb1 Qf6 23. Rd7 Red8 1/2-1/2

[Event "Budapest FS08 IM-A"]
[Site "Budapest"]
[Date "2008.08.12"]
[Round "11"]
[White "Hujbert, Florian"]
[Black "Humphrey, Jonathan"]
[Result "1/2-1/2"]
[WhiteElo "2258"]
[BlackElo "2289"]
[PlyCount "56"]
[EventDate "2008.08.02"]
[EventType "tourn"]
[EventRounds "11"]
[EventCountry "HUN"]
[EventCategory "3"]
[SourceTitle "CBM 125 Extra"]
[Source "ChessBase"]
[SourceDate "2008.09.01"]
[SourceVersion "1"]
[SourceVersionDate "2008.09.01"]
[SourceQuality "1"]

1. d4 Nf6 2. c4 e6 3. Nc3 Bb4 4. a3 Bxc3+ 5. bxc3 c5 6. f3 d5 7. cxd5 Nxd5 8. dxc5 Qa5 9. e4 Ne7 10. Be3 0-0 11. Qb3 Nec6 12. a4 Rd8 13. Kf2 Nd7 14. Rd1 Nxc5 15. Rxd8+ Nxd8 16. Qb5 Qxb5 17. axb5 b6 18. Nh3 e5 19. Bxc5 bxc5 20. Bc4 Be6 21. Bxe6 Nxe6 22. Ra1 Rb8 23. c4 Rb7 24. Ke3 f6 25. Nf2 Kf7 26. Nd3 Ke7 27. g3 Nf8 28. Ra6 Nd7 1/2-1/2

[Event "Budapest FS08 IM-A"]
[Site "Budapest"]
[Date "2008.08.07"]
[Round "6"]
[White "Humphrey, Jonathan"]
[Black "Werner, Dimo"]
[Result "0-1"]
[WhiteElo "2289"]
[BlackElo "2329"]
[PlyCount "56"]
[EventDate "2008.08.02"]
[EventType "tourn"]
[EventRounds "11"]
[EventCountry "HUN"]
[EventCategory "3"]
[SourceTitle "CBM 125 Extra"]
[Source "ChessBase"]
[SourceDate "2008.09.01"]
[SourceVersion "1"]
[SourceVersionDate "2008.09.01"]
[SourceQuality "1"]

1. e4 c6 2. d4 g6 3. Nc3 d5 4. Nf3 Bg7 5. Be3 Nf6 6. e5 Ng4 7. Bf4 h5 8. Bd3 Na6 9. 0-0 Nc7 10. Ne2 Nh6 11. Ng3 Bg4 12. h3 Bxf3 13. Qxf3 e6 14. Qe3 Nf5 15. Nxf5 exf5 16. Qd2 Ne6 17. Be3 a5 18. c4 dxc4 19. Bxc4 f4 20. Bxf4 Qxd4 21. Qxd4 Nxd4 22. Rad1 c5 23. a4 0-0 24. Rfe1 Rfe8 25. Bd5 Rad8 26. Bxb7 Ne2+ 27. Rxe2 Rxd1+ 28. Kh2 g5 0-1

[Event "Politiken Cup 30th"]
[Site "Helsingor"]
[Date "2008.07.25"]
[Round "8"]
[White "Brunello, Sabino"]
[Black "Humphrey, Jonathan"]
[Result "1/2-1/2"]
[WhiteElo "2482"]
[BlackElo "2289"]
[PlyCount "81"]
[EventDate "2008.07.19"]
[EventType "swiss"]
[EventRounds "10"]
[EventCountry "DEN"]
[SourceTitle "CBM 125 Extra"]
[Source "ChessBase"]
[SourceDate "2008.09.01"]
[SourceVersion "1"]
[SourceVersionDate "2008.09.01"]
[SourceQuality "1"]

1. e4 c5 2. Nf3 d6 3. d4 cxd4 4. Nxd4 Nf6 5. Nc3 a6 6. a3 e6 7. Bc4 Nxe4 8. Nxe4 d5 9. Bd3 dxe4 10. Bxe4 e5 11. Nb3 Qxd1+ 12. Kxd1 Nc6 13. Re1 f6 14. Bxc6+ bxc6 15. Re3 Be6 16. Rc3 Bd5 17. f3 a5 18. Be3 a4 19. Nd2 Be7 20. Bc5 Rb8 21. Bxe7 Kxe7 22. b4 axb3 23. cxb3 h5 24. Kc2 g5 25. Re1 g4 26. b4 Rhg8 27. g3 gxf3 28. Nxf3 Rg4 29. Nd2 h4 30. Nf1 hxg3 31. hxg3 Ke6 32. Re2 Rh8 33. Kb2 Rd4 34. Ne3 Bf3 35. Rf2 Be4 36. Nc4 Rh1 37. Nd2 Bd5 38. Nb3 Rdd1 39. Nc1 Rdg1 40. a4 Rh3 41. Ne2 1/2-1/2

[Event "Politiken Cup 30th"]
[Site "Helsingor"]
[Date "2008.07.21"]
[Round "4"]
[White "Rasmussen, Henning Lau"]
[Black "Humphrey, Jonathan"]
[Result "0-1"]
[WhiteElo "1953"]
[BlackElo "2289"]
[PlyCount "64"]
[EventDate "2008.07.19"]
[EventType "swiss"]
[EventRounds "10"]
[EventCountry "DEN"]
[SourceTitle "CBM 125 Extra"]
[Source "ChessBase"]
[SourceDate "2008.09.01"]
[SourceVersion "1"]
[SourceVersionDate "2008.09.01"]
[SourceQuality "1"]

1. e4 c5 2. Nf3 e6 3. d4 cxd4 4. Nxd4 a6 5. g3 d5 6. e5 Nc6 7. Nxc6 bxc6 8. Bg2 Qc7 9. 0-0 Qxe5 10. c4 Nf6 11. Nc3 Qd6 12. Bf4 Qd8 13. cxd5 cxd5 14. Rc1 Bd6 15. Bxd6 Qxd6 16. Na4 0-0 17. Nc5 a5 18. b3 Ba6 19. Nxa6 Rxa6 20. Rc2 a4 21. Qd4 axb3 22. axb3 Qb6 23. Qxb6 Rxb6 24. Rc3 g6 25. Ra1 Rfb8 26. Ra7 Rxb3 27. Rcc7 Rf8 28. h3 h5 29. Kh2 Ne8 30. Rd7 Rb6 31. g4 hxg4 32. hxg4 Nf6 0-1

[Event "Hoogeveen Essent op"]
[Site "Hoogeveen"]
[Date "2007.10.19"]
[Round "8"]
[White "Humphrey, Jonathan"]
[Black "Klein, David"]
[Result "1-0"]
[WhiteElo "2284"]
[BlackElo "2086"]
[PlyCount "75"]
[EventDate "2007.10.12"]
[EventType "swiss"]
[EventRounds "9"]
[EventCountry "NED"]
[SourceTitle "CBM 120 Extra"]
[Source "ChessBase"]
[SourceDate "2007.11.01"]
[SourceVersion "1"]
[SourceVersionDate "2007.11.01"]
[SourceQuality "1"]

1. e4 c5 2. Nf3 d6 3. d4 cxd4 4. Nxd4 Nf6 5. Nc3 a6 6. Bg5 e6 7. f4 Qc7 8. Bxf6 gxf6 9. Qd2 Nc6 10. 0-0-0 Bd7 11. Kb1 0-0-0 12. Bc4 Be7 13. Nxc6 Qxc6 14. Bb3 Rdg8 15. Rhe1 h5 16. Re3 Kd8 17. Ne2 Rg4 18. f5 Qc5 19. fxe6 fxe6 20. Nd4 Qe5 21. Nf3 Qb5 22. e5 fxe5 23. a4 Qb4 24. Rc3 Qf4 25. Qf2 Ke8 26. Qa7 Kf7 27. Qxb7 Bxa4 28. Bxa4 Qxa4 29. Rc7 Re8 30. Rxd6 Rb4 31. Rb6 Rxb6 32. Qxb6 Qf4 33. Rc4 Qf5 34. Qc7 e4 35. Rxe4 Rc8 36. Ng5+ Kf6 37. Qxc8 Kxg5 38. Qxe6 1-0

[Event "Hoogeveen Essent op"]
[Site "Hoogeveen"]
[Date "2007.10.18"]
[Round "7"]
[White "Afek, Yochanan"]
[Black "Humphrey, Jonathan"]
[Result "1-0"]
[WhiteElo "2350"]
[BlackElo "2284"]
[PlyCount "65"]
[EventDate "2007.10.12"]
[EventType "swiss"]
[EventRounds "9"]
[EventCountry "NED"]
[SourceTitle "CBM 120 Extra"]
[Source "ChessBase"]
[SourceDate "2007.11.01"]
[SourceVersion "1"]
[SourceVersionDate "2007.11.01"]
[SourceQuality "1"]

1. e4 c5 2. Nf3 e6 3. c3 Nf6 4. e5 Nd5 5. d4 cxd4 6. cxd4 d6 7. a3 Bd7 8. Bd3 Bc6 9. 0-0 Nd7 10. b4 a6 11. Nbd2 Nc3 12. Qe1 dxe5 13. dxe5 Nb6 14. Qe3 Nbd5 15. Qd4 Nf4 16. Qxc3 Qxd3 17. Qxd3 Nxd3 18. Rd1 a5 19. Nc4 Nxc1 20. Rdxc1 axb4 21. axb4 Rd8 22. Na5 Bd5 23. Rc7 Bxb4 24. Nxb7 Rb8 25. Rb1 Ra8 26. h3 Ba3 27. Nd6+ Bxd6 28. exd6 0-0 29. Ne5 Ra6 30. Nxf7 e5 31. Nxe5 Rxd6 32. Ra1 Re6 33. Raa7 1-0

[Event "Hoogeveen Essent op"]
[Site "Hoogeveen"]
[Date "2007.10.15"]
[Round "4"]
[White "Humphrey, Jonathan"]
[Black "Rasmussen, Allan Stig"]
[Result "1-0"]
[WhiteElo "2284"]
[BlackElo "2485"]
[PlyCount "81"]
[EventDate "2007.10.12"]
[EventType "swiss"]
[EventRounds "9"]
[EventCountry "NED"]
[SourceTitle "CBM 120 Extra"]
[Source "ChessBase"]
[SourceDate "2007.11.01"]
[SourceVersion "1"]
[SourceVersionDate "2007.11.01"]
[SourceQuality "1"]

1. e4 c5 2. Nf3 e6 3. d4 cxd4 4. Nxd4 Nc6 5. Nb5 d6 6. c4 Nf6 7. N1c3 a6 8. Na3 Be7 9. Be2 0-0 10. 0-0 b6 11. Be3 Bb7 12. Qb3 Nd7 13. Rfd1 Nc5 14. Qc2 Bf6 15. f3 Be5 16. Qd2 Qh4 17. g3 Qe7 18. Nc2 f5 19. exf5 Rxf5 20. b4 Qf6 21. Nd4 Nxd4 22. Bxd4 Nd7 23. f4 Bxf4 24. Bxf6 Bxd2 25. Rxd2 Nxf6 26. Rxd6 a5 27. b5 Bf3 28. Bd3 Re5 29. Na4 Ne4 30. Re1 Nxd6 31. Rxe5 Rd8 32. Re3 Bg4 33. Nxb6 Nf5 34. Bxf5 Rd1+ 35. Kf2 Rd2+ 36. Kf1 Bxf5 37. c5 Rc2 38. c6 Kf7 39. Nd7 a4 40. b6 Rc1+ 41. Kf2 1-0

[Event "Hoogeveen Essent op"]
[Site "Hoogeveen"]
[Date "2007.10.14"]
[Round "3"]
[White "Meurs, Tom WA"]
[Black "Humphrey, Jonathan"]
[Result "0-1"]
[WhiteElo "2051"]
[BlackElo "2284"]
[PlyCount "66"]
[EventDate "2007.10.12"]
[EventType "swiss"]
[EventRounds "9"]
[EventCountry "NED"]
[SourceTitle "CBM 120 Extra"]
[Source "ChessBase"]
[SourceDate "2007.11.01"]
[SourceVersion "1"]
[SourceVersionDate "2007.11.01"]
[SourceQuality "1"]

1. e4 c5 2. Nf3 e6 3. d4 cxd4 4. Nxd4 a6 5. Nc3 b5 6. Bd3 Qb6 7. Nb3 Qc7 8. 0-0 Bb7 9. Qe2 b4 10. Nb1 Nf6 11. N1d2 Nc6 12. Nc4 d5 13. exd5 Nxd5 14. Be3 Nxe3 15. Qxe3 Ne7 16. Rad1 Nd5 17. Qg3 Qxg3 18. fxg3 Ra7 19. Nca5 Ne3 20. Nxb7 Rxb7 21. a4 bxa3 22. bxa3 Nxd1 23. Rxd1 Bxa3 24. Ra1 Be7 25. Bxa6 Rb8 26. Bd3 0-0 27. Ra4 Rfd8 28. Be4 Rb4 29. Rxb4 Bxb4 30. Bd3 h5 31. h3 f5 32. Kf2 Kf7 33. Kf3 Kf6 0-1

[Event "Budapest FS12 IM-A"]
[Site "Budapest"]
[Date "2006.12.12"]
[Round "11"]
[White "Humphrey, Jonathan"]
[Black "Brustkern, Juergen"]
[Result "1/2-1/2"]
[WhiteElo "2256"]
[BlackElo "2224"]
[PlyCount "37"]
[EventDate "2006.12.02"]
[EventType "tourn"]
[EventRounds "13"]
[EventCountry "HUN"]
[EventCategory "2"]
[SourceTitle "CBM 115 Extra"]
[Source "ChessBase"]
[SourceDate "2007.01.10"]
[SourceVersion "1"]
[SourceVersionDate "2007.01.10"]
[SourceQuality "1"]

1. e4 e5 2. Nf3 Nc6 3. Bb5 Nf6 4. 0-0 d6 5. Re1 Bd7 6. c3 Be7 7. d4 0-0 8. d5 Nb8 9. Bxd7 Nbxd7 10. c4 a5 11. Nc3 Nc5 12. b3 c6 13. Rb1 cxd5 14. cxd5 b5 15. b4 axb4 16. Rxb4 Qa5 17. a3 Na6 18. Rb3 Nc5 19. Rb4 1/2-1/2

[Event "Budapest FS12 IM-A"]
[Site "Budapest"]
[Date "2006.12.07"]
[Round "6"]
[White "Balog, Imre1111"]
[Black "Humphrey, Jonathan"]
[Result "1/2-1/2"]
[WhiteElo "2330"]
[BlackElo "2256"]
[PlyCount "176"]
[EventDate "2006.12.02"]
[EventType "tourn"]
[EventRounds "13"]
[EventCountry "HUN"]
[EventCategory "2"]
[SourceTitle "CBM 115 Extra"]
[Source "ChessBase"]
[SourceDate "2007.01.10"]
[SourceVersion "1"]
[SourceVersionDate "2007.01.10"]
[SourceQuality "1"]

1. d4 Nf6 2. Nf3 e6 3. g3 c5 4. Bg2 cxd4 5. Nxd4 d5 6. 0-0 Nc6 7. c4 Be7 8. cxd5 exd5 9. Nc3 0-0 10. Be3 Re8 11. Rc1 Bf8 12. Bg5 Be6 13. Nxe6 fxe6 14. a3 h6 15. Be3 Ne5 16. Bd4 Nc6 17. Be3 Ne5 18. Rc2 Nc4 19. Bc1 Rc8 20. e3 Qb6 21. Qd3 Ne5 22. Qe2 Qb3 23. Rd1 Bxa3 24. bxa3 Rxc3 25. Rxc3 Qxc3 26. Bb2 Qc4 27. Qd2 Ne4 28. Qd4 Qxd4 29. Bxd4 Nc6 30. Bb2 Nc5 31. f4 Na4 32. Ba1 Nb6 33. Rb1 Re7 34. Kf2 Rc7 35. Rc1 Kf7 36. e4 Rd7 37. e5 Nc4 38. Rc3 b5 39. Rb3 a6 40. Ke2 Ne7 41. g4 Ng6 42. f5 Nf4+ 43. Kf2 Nxg2 44. Kxg2 Rc7 45. Rd3 Nb6 46. Bc3 Rc4 47. Kh3 Nd7 48. Bd4 Nc5 49. Rd1 Ne4 50. Rd3 Rc2 51. Rb3 Nd2 52. Rd3 Nc4 53. Rb3 Rd2 54. Be3 Re2 55. Bc5 exf5 56. gxf5 Nxe5 57. a4 Nd7 58. Bd6 Rf2 59. axb5 axb5 60. Re3 Nf6 61. Re7+ Kg8 62. Rb7 Rxf5 63. Rxb5 Rf3+ 64. Kg2 Re3 65. Bf4 Re4 66. Kf3 Kf7 67. Bd6 Re8 68. Bc5 Re4 69. Bd6 Ke6 70. Bf4 Kf5 71. Bd2 g5 72. Bc3 Rh4 73. Kg2 Rg4+ 74. Kf3 Rf4+ 75. Kg2 Ke6 76. Rb6+ Ke7 77. Be5 Rf5 78. Bd4 Rf4 79. Be5 Nd7 80. Bd6+ Ke8 81. Rb5 Rf5 82. Rb1 d4 83. Re1+ Kd8 84. Be7+ Kc8 85. Rd1 Rd5 86. Kf3 Rf5+ 87. Kg3 Rd5 88. Kg4 Ne5+ 1/2-1/2

[Event "Budapest FS12 IM-A"]
[Site "Budapest"]
[Date "2006.12.06"]
[Round "5"]
[White "Humphrey, Jonathan"]
[Black "Kahn, Evarth"]
[Result "1/2-1/2"]
[WhiteElo "2256"]
[BlackElo "2303"]
[PlyCount "56"]
[EventDate "2006.12.02"]
[EventType "tourn"]
[EventRounds "13"]
[EventCountry "HUN"]
[EventCategory "2"]
[SourceTitle "CBM 115 Extra"]
[Source "ChessBase"]
[SourceDate "2007.01.10"]
[SourceVersion "1"]
[SourceVersionDate "2007.01.10"]
[SourceQuality "1"]

1. e4 g6 2. d4 Bg7 3. Nc3 c5 4. dxc5 Bxc3+ 5. bxc3 Qa5 6. Ne2 Nf6 7. f3 Qxc5 8. Qd4 Qc7 9. Bg5 Nc6 10. Qd2 Qe5 11. Nd4 d6 12. Rb1 a6 13. Be2 0-0 14. 0-0 Re8 15. Kh1 Nd7 16. Be3 Qa5 17. f4 Nc5 18. Bf3 Nxd4 19. cxd4 Qxd2 20. Bxd2 Ne6 21. Be3 Nc7 22. d5 e6 23. Bb6 Re7 24. c4 exd5 25. cxd5 Ne8 26. e5 dxe5 27. Bc5 Rc7 28. Bb6 Re7 1/2-1/2

[Event "Budapest FS12 IM-A"]
[Site "Budapest"]
[Date "2006.12.05"]
[Round "4"]
[White "Lengyel, Bela"]
[Black "Humphrey, Jonathan"]
[Result "1/2-1/2"]
[WhiteElo "2326"]
[BlackElo "2256"]
[PlyCount "126"]
[EventDate "2006.12.02"]
[EventType "tourn"]
[EventRounds "13"]
[EventCountry "HUN"]
[EventCategory "2"]
[SourceTitle "CBM 115 Extra"]
[Source "ChessBase"]
[SourceDate "2007.01.10"]
[SourceVersion "1"]
[SourceVersionDate "2007.01.10"]
[SourceQuality "1"]

1. e4 c5 2. Nf3 e6 3. d4 cxd4 4. Nxd4 Nc6 5. Nb5 d6 6. c4 Nf6 7. N1c3 a6 8. Na3 Be7 9. Be2 0-0 10. 0-0 b6 11. Be3 Bb7 12. Qb3 Nd7 13. Rfd1 Nc5 14. Qc2 Bf6 15. f3 Be5 16. Bf1 Qh4 17. g3 Qf6 18. Bg2 Rfd8 19. Rac1 Qg6 20. Qe2 Nb4 21. Bd4 Bxd4+ 22. Rxd4 e5 23. Rd2 Ne6 24. Rcd1 Nd4 25. Qe3 Qe6 26. f4 Rac8 27. f5 Qh6 28. Qxh6 gxh6 29. Rxd4 exd4 30. Rxd4 Nc6 31. Rd1 Ne5 32. Bf1 f6 33. Be2 Kf8 34. Rf1 Kg7 35. Rd1 Kf8 36. Kf2 Ke7 37. Ke3 Rg8 38. Kf4 Rc7 39. Rd4 Rgc8 40. Nd1 Rc5 41. b4 Nc6 42. bxc5 Nxd4 43. cxd6+ Kxd6 44. Bd3 Nc6 45. Ne3 Ne5 46. Be2 Kc5 47. Nac2 Rd8 48. Nd5 Bxd5 49. cxd5 b5 50. Ke3 a5 51. Nd4 Rb8 52. Ne6+ Kb4 53. Nc7 Ka3 54. Bxb5 Kxa2 55. Kd4 Kb3 56. d6 a4 57. Bxa4+ Kxa4 58. Kd5 Rf8 59. Ke6 Kb4 60. Nd5+ Kc5 61. Nxf6 Kd4 62. d7 Rxf6+ 63. Kxf6 Nxd7+ 1/2-1/2

[Event "Kuala Lumpur op 3rd"]
[Site "Kuala Lumpur"]
[Date "2006.08.22"]
[Round "4"]
[White "Humphrey, Jonathan"]
[Black "Ismail, Ahmad"]
[Result "1/2-1/2"]
[WhiteElo "2246"]
[BlackElo "2137"]
[PlyCount "38"]
[EventDate "2006.08.21"]
[EventType "swiss"]
[EventRounds "11"]
[EventCountry "MAS"]
[SourceTitle "CBM 114 Extra"]
[Source "ChessBase"]
[SourceDate "2006.11.03"]
[SourceVersion "1"]
[SourceVersionDate "2006.11.03"]
[SourceQuality "1"]

1. e4 d5 2. exd5 Nf6 3. Nf3 Nxd5 4. d4 Bg4 5. Nc3 e6 6. Be2 Be7 7. 0-0 0-0 8. Ne4 Nc6 9. Ng3 Bd6 10. h3 Bxf3 11. Bxf3 Qh4 12. Ne4 Qd8 13. c3 Be7 14. Qb3 Rb8 15. Re1 Kh8 16. Bd2 Ne5 17. Qa4 Nc6 18. Rad1 b5 19. Qc2 b4 1/2-1/2

[Event "Kuala Lumpur op 3rd"]
[Site "Kuala Lumpur"]
[Date "2006.08.22"]
[Round "3"]
[White "Wynn, Zaw Htung"]
[Black "Humphrey, Jonathan"]
[Result "1/2-1/2"]
[WhiteElo "2572"]
[BlackElo "2246"]
[PlyCount "92"]
[EventDate "2006.08.21"]
[EventType "swiss"]
[EventRounds "11"]
[EventCountry "MAS"]
[SourceTitle "CBM 114 Extra"]
[Source "ChessBase"]
[SourceDate "2006.11.03"]
[SourceVersion "1"]
[SourceVersionDate "2006.11.03"]
[SourceQuality "1"]

1. c4 Nf6 2. Nc3 e5 3. g3 d5 4. cxd5 Nxd5 5. Bg2 Nb6 6. Nf3 Nc6 7. 0-0 Be7 8. a3 0-0 9. b4 Be6 10. Rb1 f6 11. d3 a5 12. b5 Nd4 13. Bb2 c6 14. bxc6 Nxc6 15. Qd2 Qd7 16. Ba1 Nd5 17. Na4 Nd8 18. Qd1 b5 19. Nc3 Bxa3 20. Nxb5 Bb4 21. e4 Qxb5 22. exd5 Bxd5 23. d4 e4 24. Ne1 Nc6 25. Nc2 f5 26. Ne3 Rad8 27. Qc2 Ne7 28. Nxd5 Nxd5 29. Rfc1 Kh8 30. Bf1 Qe8 31. Qc6 Qh5 32. Bg2 Qf7 33. Rc2 h6 34. Qc4 Qd7 35. Qc6 Qxc6 36. Rxc6 Rc8 37. Rbc1 Ne7 38. Rxc8 Rxc8 39. Rxc8+ Nxc8 40. Kf1 Kg8 41. Ke2 Kf7 42. f3 exf3+ 43. Bxf3 Nd6 44. Kd3 g5 45. h3 Kg6 46. g4 Kf7 1/2-1/2

[Event "Kuala Lumpur op 3rd"]
[Site "Kuala Lumpur"]
[Date "2006.08.21"]
[Round "2"]
[White "Humphrey, Jonathan"]
[Black "Murshed, Niaz"]
[Result "0-1"]
[WhiteElo "2246"]
[BlackElo "2464"]
[PlyCount "70"]
[EventDate "2006.08.21"]
[EventType "swiss"]
[EventRounds "11"]
[EventCountry "MAS"]
[SourceTitle "CBM 114 Extra"]
[Source "ChessBase"]
[SourceDate "2006.11.03"]
[SourceVersion "1"]
[SourceVersionDate "2006.11.03"]
[SourceQuality "1"]

1. e4 c5 2. Nf3 e6 3. d4 cxd4 4. Nxd4 Nc6 5. Nc3 Qc7 6. Be3 a6 7. Qd2 Nxd4 8. Bxd4 Ne7 9. Qg5 h6 10. Qe3 b5 11. 0-0-0 Rb8 12. Bc5 Nf5 13. exf5 Bxc5 14. Qd2 Bb4 15. fxe6 dxe6 16. Qd4 Bxc3 17. Qxc3 Qxc3 18. bxc3 Bb7 19. c4 Ke7 20. f3 Bc6 21. Bd3 Rhc8 22. cxb5 Bxb5 23. Rhe1 Rc5 24. Bxb5 Rcxb5 25. Rd3 Rb1+ 26. Kd2 Rxe1 27. Kxe1 Rb2 28. Ra3 Rxc2 29. Kf1 Rc6 30. Kf2 f5 31. Kg3 g5 32. Rb3 Kf6 33. Ra3 h5 34. h3 h4+ 35. Kf2 Ke5 0-1

[Event "Queenstown op"]
[Site "Queenstown"]
[Date "2006.01.24"]
[Round "10"]
[White "Humphrey, Jonathan"]
[Black "Shanmugam, Ravindran"]
[Result "1-0"]
[WhiteElo "2254"]
[BlackElo "2122"]
[PlyCount "79"]
[EventDate "2006.01.15"]
[EventType "swiss"]
[EventRounds "10"]
[EventCountry "NZL"]
[SourceTitle "CBM 110 Extra"]
[Source "ChessBase"]
[SourceDate "2006.03.10"]
[SourceVersion "2"]
[SourceVersionDate "2006.03.10"]
[SourceQuality "1"]

1. d4 d5 2. c4 c6 3. Nf3 e6 4. Nc3 dxc4 5. a4 Bb4 6. e3 b5 7. Bd2 a5 8. axb5 Bxc3 9. Bxc3 cxb5 10. b3 Bb7 11. d5 Nf6 12. bxc4 b4 13. Bxf6 Qxf6 14. Qa4+ Nd7 15. Nd4 e5 16. Nb3 e4 17. Be2 0-0 18. Qxd7 Qc3+ 19. Kf1 Qxb3 20. Qxb7 Qb2 21. Rd1 a4 22. f4 a3 23. Kf2 a2 24. d6 Rfb8 25. d7 g6 26. Qxe4 Kf8 27. c5 a1Q 28. Rxa1 Rxa1 29. c6 Ra7 30. Rb1 Qf6 31. Rxb4 Qh4+ 32. Kf3 Rd8 33. Qe5 f5 34. Qh8+ Ke7 35. Qg7+ Kd6 36. Qd4+ Kxc6 37. Qxa7 Qh5+ 38. Kf2 Qh4+ 39. Kf1 Qxh2 40. Rb6+ 1-0

[Event "AUS-ch"]
[Site "Brisbane"]
[Date "2006.01.08"]
[Round "10"]
[White "Pyke, Malcolm"]
[Black "Humphrey, Jonathan"]
[Result "1/2-1/2"]
[WhiteElo "2126"]
[BlackElo "2254"]
[PlyCount "56"]
[EventDate "2005.12.28"]
[EventType "swiss"]
[EventRounds "11"]
[EventCountry "AUS"]
[SourceTitle "CBM 110 Extra"]
[Source "ChessBase"]
[SourceDate "2006.03.10"]
[SourceVersion "2"]
[SourceVersionDate "2006.03.10"]
[SourceQuality "1"]

1. c4 Nf6 2. Nf3 c5 3. g3 Nc6 4. Bg2 d5 5. cxd5 Nxd5 6. 0-0 e5 7. Nc3 Nc7 8. Ne1 Bd7 9. Nd3 f6 10. f4 c4 11. Nf2 exf4 12. gxf4 Ne6 13. d3 cxd3 14. Qxd3 Nc5 15. Qe3+ Qe7 16. Nd5 Qxe3 17. Bxe3 Rc8 18. Rac1 b6 19. Rfd1 Ne7 20. Nxe7 Bxe7 21. b4 Ne6 22. Rxc8+ Bxc8 23. Bc6+ Kf7 24. Nd3 Rd8 25. Rc1 Nd4 26. Bxd4 Rxd4 27. Be8+ Kxe8 28. Rxc8+ Rd8 1/2-1/2